000 00861na a2200289 4500
001 14570
003 MIRAKIL
005 20181213155309.0
008 161101b tu 000 0
020 _a9786053990260
035 _a14570
040 _aMilas
_btur
_cTR-AnCHP
041 _atur
082 _a324.9561
_bT86t 2008
090 _a324.9561 T86t 2008
100 _aTuran, Ali Eşref
245 _aTürkiye'de yerel seçimler
_cAli Eşref Turan
260 _aİstanbul
_bİstanbul Bilgi Üniversitesi Yayınları
_c2008
300 _a407 s.
_btbl.
_c23 sm.
490 _aSiyaset Bilimi
_v24
490 _aİstanbul Bilgi Üniversitesi yayınları
_v202
504 _aKaynakça ve dizin var.
650 _aSiyasal katılma
_zTürkiye
650 _aYerel seçimler
_xTarih
_zTürkiye
650 _aSeçimler
_xTarih
_zTürkiye
942 _2dcc
_cBKS
999 _c10152
_d10152